Relevance and marginalisation in Scandinavian and European performing arts 1770-1860 : questioning canons /

"Relevance and Marginalisation in Scandinavian and European Performing Arts 1780-1860: Questioning Canons reveals how various cultural processes have influenced what has been included, and what has been marginalised from canons of European music, dance and theatre around the turn of the ninetee...

Full description

Bibliographic Details
Other Authors: Selvik, Randi M., 1944- (Editor), Gladsø, Svein (Editor), Skagen, Annabella (Editor)
Format: Book
Language:English
Published: Abingdon, Oxon ; New York, NY : Routledge, 2021.
Subjects:

MARC

Tag First Indicator Second Indicator Subfields
LEADER 00000cam a2200000 i 4500
001 in00004445813
008 200903t20212021enka b 001 0 eng
005 20250318223852.0
010 |a  2020033741 
020 |a 9780367469436 
020 |a 036746943X  |q hardcover 
020 |z 9781003032090  |q electronic book 
035 |a (OCoLC)on1196822575 
035 |a (OCoLC)1196822575 
040 |a DLC  |b eng  |e rda  |c DLC  |d OCLCF  |d OCLCO  |d YDX  |d UtOrBLW 
042 |a pcc 
043 |a ev----- 
050 0 0 |a NX180.S6  |b R427 2021 
082 0 0 |a 790.20948/09033  |2 23 
245 0 0 |a Relevance and marginalisation in Scandinavian and European performing arts 1770-1860 :  |b questioning canons /  |c edited by Randi Margrete Selvik, Svien Gladsø, and Annabella Skagen. 
264 1 |a Abingdon, Oxon ;  |a New York, NY :  |b Routledge,  |c 2021. 
264 4 |c ©2021 
300 |a xiv, 284 pages :  |b illustrations ;  |c 25 cm 
336 |a text  |b txt  |2 rdacontent 
337 |a unmediated  |b n  |2 rdamedia 
338 |a volume  |b nc  |2 rdacarrier 
504 |a Includes bibliographical references and indexes. 
520 |a "Relevance and Marginalisation in Scandinavian and European Performing Arts 1780-1860: Questioning Canons reveals how various cultural processes have influenced what has been included, and what has been marginalised from canons of European music, dance and theatre around the turn of the nineteenth century and the following decades. This collection of essays includes discussion of the piano repertory for young ladies in England; canonisation of the French minuet; marginalisation of the popular German dramatist Kotzebue from the dramatic canon; dance repertory and social life in Christiania (Oslo); informal cultural activities in Trondheim; repertory of Norwegian musical clocks; female itinerant performers in the Nordic sphere; preconditions, dissemination, and popularity of equestrian drama; marginalisation and amateur staging of a Singspiel by the renowned Danish playwright Oehlenschläger, with perspectives on the music and its composers; and the perceived relevance of Henrik Ibsen's staged theatre repertory and early dramas. By questioning established notions about canon, marginalisation, and relevance within the performing arts in the period 1770-1860, this book asserts itself as an intriguing text both to the culturally interested public and to scholars and students of musicology, dance research, and theatre studies"--  |c Provided by publisher. 
650 0 |a Arts and society  |z Scandinavia  |x History  |y 18th century. 
650 0 |a Performing arts  |z Scandinavia  |x History  |y 18th century. 
650 0 |a Performing arts  |z Scandinavia  |x History  |y 19th century. 
650 0 |a Canon (Art)  |0 http://id.loc.gov/authorities/subjects/sh85019642 
650 7 |a Arts and society.  |2 fast  |0 (OCoLC)fst00817856 
650 7 |a Canon (Art)  |2 fast  |0 (OCoLC)fst00845905 
650 7 |a Performing arts.  |2 fast  |0 (OCoLC)fst01057887 
651 7 |a Scandinavia.  |2 fast  |0 (OCoLC)fst01242804 
648 7 |a 1700-1899  |2 fast 
655 7 |a History.  |2 fast  |0 (OCoLC)fst01411628 
700 1 |a Selvik, Randi M.,  |d 1944-  |e editor.  |0 http://id.loc.gov/authorities/names/nb2015017618 
700 1 |a Gladsø, Svein,  |e editor.  |0 http://id.loc.gov/authorities/names/nb99013285 
700 1 |a Skagen, Annabella,  |e editor.  |0 http://id.loc.gov/authorities/names/n2020050007 
776 0 8 |i Online version:  |t Relevance and marginalisation in Scandinavian and European performing arts 1770-1860  |d Abingdon, Oxon ; New York : Routledge, 2021.  |z 9781003032090  |w (DLC) 2020033742 
852 8 |b pda,print  |z This title is available for the library to purchase for your use. Click the "Purchase It For Me" button to place a request. This item may take 5-10 business days to arrive. 
955 |a Print PDA title 
999 f f |s d0be24cb-b676-4f18-add6-532a26a59f46  |i a50ec446-1176-3fe5-9890-1ce4e0b0f368  |t 0 
952 f f |a Texas A&M University  |b College Station  |c Sterling C. Evans Library  |d Purchase on Demand  |t 0  |e NX180.S6 R427 2021  |h Library of Congress classification 
998 f f |a NX180.S6 R427 2021  |t 0  |l Purchase on Demand